New cold war and the remarking of regions (Record no. 1679924)

MARC details
000 -LEADER
fixed length control field 00805 a2200265 4500
005 - DATE AND TIME OF LATEST TRANSACTION
control field 20260415111710.0
008 - FIXED-LENGTH DATA ELEMENTS--GENERAL INFORMATION
fixed length control field 260415b |||||||| |||| 00| 0 eng d
020 ## - INTERNATIONAL STANDARD BOOK NUMBER
International Standard Book Number 9781647125875
037 ## - SOURCE OF ACQUISITION
Terms of availability TB
040 ## - CATALOGING SOURCE
Original cataloging agency CRL
Transcribing agency CRL
041 ## - LANGUAGE CODE
Source of code eng
Language code of text/sound track or separate title eng
084 ## - COLON CLASSIFICATION NUMBER
Classification number V1:19.P1 R5
Assigning agency CRL
100 ## - MAIN ENTRY--PERSONAL NAME
Personal name Paul, T.V.
9 (RLIN) 1116141
245 ## - TITLE STATEMENT
Title New cold war and the remarking of regions
260 ## - PUBLICATION, DISTRIBUTION, ETC.
Place of publication, distribution, etc. Washington, USA:
Name of publisher, distributor, etc. Georgetown University Press,
Date of publication, distribution, etc. 2025.
300 ## - PHYSICAL DESCRIPTION
Extent 268p.
365 ## - TRADE PRICE
Price amount 36
Currency code GBP
650 ## - SUBJECT ADDED ENTRY--TOPICAL TERM
Topical term or geographic name entry element World History
650 ## - SUBJECT ADDED ENTRY--TOPICAL TERM
Topical term or geographic name entry element Foreign Relations
650 ## - SUBJECT ADDED ENTRY--TOPICAL TERM
Topical term or geographic name entry element History
700 ## - ADDED ENTRY--PERSONAL NAME
Personal name Paul, T.V.
Relator term Editor,
700 ## - ADDED ENTRY--PERSONAL NAME
Personal name Kornprobst, Markus
Relator term Editor,
9 (RLIN) 1234788
942 ## - ADDED ENTRY ELEMENTS (KOHA)
Koha item type Textbook
Source of classification or shelving scheme Colon Classification (CC)
Classification part V1:19.P1 R5
Holdings
Withdrawn status Lost status Source of classification or shelving scheme Damaged status Not for loan Home library Current library Date acquired Source of acquisition Cost, normal purchase price Inventory number Total Checkouts Full call number Barcode Date last seen Cost, replacement price Price effective from Koha item type
    Colon Classification (CC)     Central Library Central Library 2026-04-15 Efficient Book Distributors 3558.82 9526 & 19/02/2026   V1:19.P1 R5 CL1926560 2026-02-19 4448.52 2026-02-19 Textbook
Copyright @ Delhi University Library System